|
|
|
|
| LEADER |
00000nam a2200000 a 4500 |
| 001 |
vtls009301358 |
| 003 |
SK-MaSNL |
| 005 |
20260301125508.0 |
| 008 |
160610s2008 xo f 000 0 slo |
| 015 |
|
|
|a SNBA2008/05-02462
|
| 020 |
|
|
|a 9788096889167 (brož.)
|
| 035 |
|
|
|a 18A0CB32-97FF-4A1D-B747-9B5CEFA4A59A
|
| 035 |
|
|
|a urn:nbn:sk:snk-aml45d
|
| 035 |
|
|
|a urn:nbn:sk:snk-am008kwi
|
| 040 |
|
|
|a SNK
|b slo
|c SNK
|e AACR2
|
| 041 |
0 |
|
|a slo
|
| 044 |
|
|
|a xo
|c SK
|
| 072 |
|
7 |
|a 17
|x Etika. Morálna filozofia
|2 konspekt
|
| 080 |
|
|
|a 173
|2 2001
|
| 080 |
|
|
|a 173.5/.7
|2 2001
|
| 080 |
|
|
|a 316.77
|2 2001
|
| 080 |
|
|
|a 316.356.2
|2 2001
|
| 080 |
|
|
|a 316.472.42
|2 2001
|
| 080 |
|
|
|a 613.88
|2 2001
|
| 080 |
|
|
|a (035)
|2 2001
|
| 245 |
0 |
0 |
|a Ako to povieme našim deťom?
|b príručka pre rodičov
|c [zostavila s kolektívom autorov: Terézia Lenczová]
|
| 250 |
|
|
|a 1. vyd.
|
| 260 |
|
|
|a Bratislava
|b Slovenská spoločnosť pre rodinu a zodpovedné rodičovstvo
|c 2008
|
| 300 |
|
|
|a 87 s.
|c 21 cm
|
| 504 |
|
|
|a Bibliogr. s. 85
|
| 650 |
0 |
7 |
|a rodina
|2 SNKPH
|9 4138
|
| 650 |
0 |
7 |
|a rodičia a deti
|2 SNKPH
|9 63347
|
| 650 |
0 |
7 |
|a komunikácia
|2 SNKPH
|9 1362
|
| 650 |
0 |
7 |
|a rodinné vzťahy
|2 SNKPH
|9 3865
|
| 650 |
0 |
7 |
|a partnerské vzťahy
|2 SNKPH
|9 2250
|
| 650 |
0 |
7 |
|a sexualita
|2 SNKPH
|9 1946
|
| 655 |
|
7 |
|a príručky
|2 SNKPH
|9 74364
|
| 700 |
1 |
|
|a Lenczová, Terézia,
|d 1938-
|4 com
|9 171449
|
| 919 |
|
|
|a 978-80-968891-6-7
|
| 958 |
|
|
|a NB
|
| 958 |
|
|
|a OND
|
| 968 |
|
|
|d 1
|
| 999 |
|
|
|c 742621
|d 744551
|
| 952 |
|
|
|a SNK
|b SNK
|y PREZ
|7 0
|p 17A0590486
|o snkSC 132175
|i snk2008/11907
|8 0
|0 0
|1 0
|4 0
|d 2008-06-05
|f 1
|l 0
|r 2025-06-23 00:00:00
|w 2026-02-23
|
| 952 |
|
|
|a SNK
|b SNK
|y VYP
|7 0
|p 17A0590487
|o snkSC 132175 D1
|i snk2008/11908
|8 0
|0 0
|1 0
|4 0
|d 2008-06-05
|l 0
|r 2026-02-23 23:05:11
|w 2026-02-23
|